Alimentos que comienzan con F - Estadísticas

Estadísticas generales
  • Esta prueba ha sido intentada 2.190 veces
    599 desde el último reinicio
  • La puntuación promedio es 11 de 15
Estadísticas de respuestas
Imagen Hint Respuesta % Correcto
Fresa
98%
Flan
97%
Frambuesa
94%
Galleta de la {fortuna}
91%
Fruta
90%
Fideos
88%
Lleva el nombre de una ciudad Salchicha de {Frankfurt}
85%
Fajita
71%
Queso {Feta}
68%
Tipo de pasta {Fettuccine} Alfredo
63%
Tipo de croqueta Faláfel
59%
Fondue
59%
Frijoles
57%
La marca Froot Loops
45%
Nombre francés Filet mignon
40%
No se encontraron pruebas coincidentes
Distribución de puntuación
Porcentaje de gente con cada puntuación
Porcentaje por número respondido
Historial de tus puntuaciones
No has intentado esta prueba desde el último reinicio